Statistics for What Is The Longest Word In Each Countries #2

Click here to take the quiz!

General Stats

  • This quiz has been taken 37 times
  • The average score is 4 of 5

Answer Stats

CountryLongest Word% Correct
SpainElectroencefalografista
100%
HungaryFolyamatellenőrzésiügyosztályveze-tőhelyettesképesítésvizsgálat
75%
ItalyPsiconeuroendocrinoimmunologi
75%
PortugalAnticonstitucionalissimamente
50%
Saudi ArabiaLidhalik Jaealnak Tashrabuh/لذلك جعلناك تشربه
50%

Score Distribution

Percentile by Number Answered

Percent of People with Each Score

Your Score History

You have not taken this quiz